| 000 | 00792nam a2200241 a 4500 | ||
|---|---|---|---|
| 001 | 1064 | ||
| 003 | BR-CuiBMT | ||
| 005 | 20231128162622.0 | ||
| 008 | 231128s2008 mtb 000 0 por d | ||
| 020 | _a9788590834205 | ||
| 040 |
_aBR-CuiBMT _cBR-CuiBMT |
||
| 080 |
_22007 _a94 _x(817.2) |
||
| 090 |
_a94(817.2) _bF383c |
||
| 100 | 1 | 0 |
_aFerreira, João Carlos Vicente _d1954- |
| 245 | 1 | 0 |
_aCidades de Mato Grosso : _borigem e significado de seus nomes / _cJoão Carlos Vicente Ferreira, Pe. José de Moura e Silva |
| 260 |
_aCuiabá : _bJCVF, _c2008. |
||
| 504 | _ainclui bibliografia. | ||
| 650 |
_aMunicípios _xHistória _z Mato Grosso |
||
| 650 |
_aTopônimos _zMato Grosso |
||
| 650 |
_aNomes geográficos _zMato Grosso |
||
| 700 |
_aSilva, José de Moura e _cPadre |
||
| 942 |
_2udc _cLV |
||
| 999 |
_c1064 _d1064 |
||